00697nam a2200217 a 450000100100000000500170001000800410002702000150006804000250008308200210010810000380012924500450016726000340021230000210024665000250026765000290029291000070032104900090032895201250033799900170046200002224420200930011640.0100920s1998 mx 000 f spa d a9681902645 aDO-SdBNPbspacBNPHU aCh863.44bD687Lu1 aDonoso, José,d1924-199692151313aEl lugar sin límites /cJosé Donoso. aMéxico :bAlfaguara,c1998. a134 p. ;c21 cm. 4aNovela chilena93163 4aLiteratura chilena93164 aWM aBNGR 001054708MOaGRbGRcHDd2010-09-20iLF1l0oCh863.44 D687Lup22244-10r2020-06-25w2020-06-25y4ZPréstamo en sala c21742d21742